Major Vivian Barry Rogers CBE, DSO, MC, JP (Record no. 86866)

MARC details
000 -LEADER
fixed length control field 00705cam a2200229 4500
001 - CONTROL NUMBER
control field D13755
008 - FIXED-LENGTH DATA ELEMENTS--GENERAL INFORMATION
fixed length control field 071122s1965 xxkc pf 001 aeng
035 ## - SYSTEM CONTROL NUMBER
System control number (Sirsi) u11451
041 ## - LANGUAGE CODE
Language code of text/sound track or separate title eng
050 04 - LIBRARY OF CONGRESS CALL NUMBER
Classification number 920 $2 18
100 1# - MAIN ENTRY--PERSONAL NAME
Personal name Rogers, Vivian Barry
245 00 - TITLE STATEMENT
Title Major Vivian Barry Rogers CBE, DSO, MC, JP
Remainder of title an autobiography
260 ## - PUBLICATION, DISTRIBUTION, ETC.
Place of publication, distribution, etc. London
Name of publisher, distributor, etc. Privately printed by T. & A. Constable
Date of publication, distribution, etc. 1965
300 ## - PHYSICAL DESCRIPTION
Extent 152 p.
Other physical details ill.
Dimensions 26 cm.
350 ## - PRICE (NR) (BK AM CF MU VM SE) [OBSOLETE]
Price 0
520 ## - SUMMARY, ETC.
Summary, etc. An autobiography by the surveyor Major Vivian Barry Rogers.
610 24 - SUBJECT ADDED ENTRY--CORPORATE NAME
Corporate name or jurisdiction name as entry element Rogers, Chapman and Thomas
9 (RLIN) 5394
651 #4 - SUBJECT ADDED ENTRY--GEOGRAPHIC NAME
Geographic name United Kingdom
Chronological subdivision
690 ## - LOCAL SUBJECT ADDED ENTRY--TOPICAL TERM (OCLC, RLIN)
Topical term or geographic name as entry element ABOUT RICS-RICS MEMBERS-CHARTERED SURVEYORS
942 ## - ADDED ENTRY ELEMENTS (KOHA)
Suppress in OPAC 0
948 ## - LOCAL PROCESSING INFORMATION (OCLC); SERIES PART DESIGNATOR (RLIN)
c (OCLC) 04/03/1997
Holdings
Withdrawn status Lost status Source of classification or shelving scheme Damaged status Not for loan Home library Current library Shelving location Date acquired Total Checkouts Full call number Barcode Date last seen Copy number Price effective from Koha item type
    Other/Generic Classification Scheme     London London Reference copy 22/11/2007   920 ROG 30074461 06/08/2019 2 06/08/2019 Book